| 000 | 00543nam a22001817a 4500 | ||
|---|---|---|---|
| 999 |
_c17555 _d17555 |
||
| 008 | 190321b xxu||||| |||| 00| 0 eng d | ||
| 020 | _a1292152249 | ||
| 040 |
_aKABU _cKABU |
||
| 050 |
_aHD70 _b.U5E24 2017 c. 1 |
||
| 100 | _aEbert, Ronald J. | ||
| 245 |
_aBusiness essentials _cRonald J. Ebert, Ricky W. Griffin |
||
| 260 |
_aBoston _bPearson _c2017 |
||
| 300 | _a692 p. | ||
| 650 |
_aIndustrial management _zUnited States |
||
| 650 |
_aBusiness enterprises _zUnited States |
||
| 700 | _aGriffin, Ricky W. | ||
| 942 |
_2lcc _cBK _hHD70 |
||